| 000 | 00557nam a2200193Ia 4500 | ||
|---|---|---|---|
| 001 | 23717 | ||
| 003 | GE_BSU | ||
| 008 | 181216s||||||||xx |||||||||||||| ||und|| | ||
| 040 | _cGE_BSU | ||
| 245 | _aВопросы философии, №9. 2018. | ||
| 245 | _cГл.ред. Пружинин Борис Исаевич и др. | ||
| 260 | _aмосква | ||
| 260 | _c2018г | ||
| 300 | _a222ст;23см; | ||
| 653 | _aВопросы философии. №9. 2018. | ||
| 653 | _aПериодика | ||
| 653 | _aპერიოდიკა | ||
| 942 | _cCR | ||
| 999 |
_c56601 _d56601 |
||